Advertising cultures
Αποθηκεύτηκε σε:
| Άλλοι συγγραφείς: | , |
|---|---|
| Μορφή: | Βιβλίο |
| Γλώσσα: | English |
| Δημοσίευση: |
Oxford; New York :
Berg,
2003
|
| Θέματα: | |
| Ετικέτες: |
Προσθήκη ετικέτας
Δεν υπάρχουν, Καταχωρήστε ετικέτα πρώτοι!
|
MARC
| LEADER | 00000nam a2200000 i 4500 | ||
|---|---|---|---|
| 001 | 1/58131 | ||
| 008 | 040624s2003 eng d | ||
| 020 | |a 1859736785 | ||
| 035 | |l 10073893 | ||
| 040 | |a GR-MY-UA |b gre |e aacr | ||
| 041 | 0 | |a eng | |
| 082 | 0 | |a 659.1 |2 (21) | |
| 245 | 1 | 0 | |a Advertising cultures / |c edited by Timothy deWaal Malefyt and Brian Moeran |
| 260 | |a Oxford; New York : |b Berg, |c 2003 | ||
| 300 | |a xiii, 220 σ.; |b εικ.; |c 24 εκ. | ||
| 504 | |a Περιέχει ευρετήριο | ||
| 650 | 0 | 0 | |a Advertising. |
| 650 | 0 | 0 | |a Advertising agencies. |
| 700 | 1 | |a Malefyt, Timothy Dwight deWaal. |4 edt | |
| 700 | 1 | |a Moeran, Brian. |4 edt | |
| 852 | |a INST |b CHIOS |e 20231120 |h 659.1 ADV |p 005200040393 |q 005200040393 |t BK |y 0 | ||
| 852 | |a INST |b LESVOS |e 20040624 |h 659.1 ADV |p 005100030532 |q 005100030532 |t BK |y 0 | ||
| 901 | |a BIBL1-2004-2 | ||
| 909 | |a Λ |b 111180 | ||
| 920 | |a ΤΑΚΤΙΚΟΣ ΚΟΙΝΩΝΙΚΗΣ ΑΝΘΡΩΠΟΛΟΓΙΑΣ ΚΑΙ ΙΣΤΟΡΙΑΣ |y ΛΕΣΒΟΣ |z 2004-05 | ||
| 970 | |a ΧΡΙΣΤΟΦΑ |b ΝΙΚΗ |z 2004/06/24 | ||